| 000 | 00311nam a2200097Ia 4500 | ||
|---|---|---|---|
| 005 | 20251222114411.0 | ||
| 008 | 251222s1900||||xx |||||||||||||| ||spa|| | ||
| 082 | _aDVD0195/U61E/2003 | ||
| 245 | 0 | _aSeminario de Ética: "Educación por la paz" - El aporte de la iglesia a la paz en la historia del Perú: | |
| 942 | _cDVD | ||
| 999 |
_c2038 _d2038 |
||